Ligue 1 2016-17 Final Ranking - Statistics

General Stats
  • This quiz has been taken 73 times
  • The average score is 12 of 20
Answer Stats
Pos Team Pts GF GA % Correct
1 AS Monaco 95 107 31 +76
100%
2 Paris Saint-Germain 87 83 27 +56
100%
4 Olympique lyonnais 67 77 48 +29
94%
3 OGC Nice 78 63 36 +27
92%
5 Olympique de Marseille 62 57 41 +16
89%
6 Girondins de Bordeaux 59 53 43 +10
74%
7 FC Nantes 51 40 54 -14
68%
9 Stade rennais FC 50 36 42 -6
66%
8 AS Saint-Etienne 50 41 42 -1
63%
11 Lille OSC 46 40 47 -7
61%
13 Toulouse FC 44 37 41 -4
55%
15 Montpellier HSC 39 48 66 -18
48%
12 Angers SCO 46 40 49 -9
45%
10 EA Guingamp 50 46 53 -7
45%
18 FC Lorient 36 44 70 -26
39%
14 FC Metz 43 39 72 -33
39%
20 SC Bastia 34 29 54 -25
39%
17 SM Caen 37 36 65 -29
37%
19 AS Nancy-Lorraine 35 29 52 -23
34%
16 Dijon FCO 37 46 58 -12
34%
No matching quizzes found
Score Distribution
Percent of People with Each Score
Percentile by Number Answered
Your Score History
You have not taken this quiz